<?xml version="1.0" encoding="UTF-8"?>
<record
    xmlns:xsi="http://www.w3.org/2001/XMLSchema-instance"
    xsi:schemaLocation="http://www.loc.gov/MARC21/slim http://www.loc.gov/standards/marcxml/schema/MARC21slim.xsd"
    xmlns="http://www.loc.gov/MARC21/slim">

  <leader>01806nam a2200217 a 4500</leader>
  <datafield tag="090" ind1=" " ind2=" ">
    <subfield code="a">IAVH</subfield>
    <subfield code="b">00680</subfield>
  </datafield>
  <datafield tag="041" ind1=" " ind2=" ">
    <subfield code="a">spa</subfield>
  </datafield>
  <datafield tag="110" ind1=" " ind2=" ">
    <subfield code="b">Corporaci&#xF3;n Aut&#xF3;noma Regional de Chivor, CORPOCHIVOR</subfield>
    <subfield code="9">29133</subfield>
  </datafield>
  <datafield tag="245" ind1=" " ind2=" ">
    <subfield code="a">Evaluaci&#xF3;n de la fragmentaci&#xF3;n, caracterizaci&#xF3;n del estado de la biodiversidad y propuesta de investigaci&#xF3;n en biodiversidad y valoraci&#xF3;n e instrumentos de pol&#xED;tica para la conservaci&#xF3;n y uso sostenible de la biodiversidad en los p&#xE1;ramos de Mamapacha y Bijagual, Boyac&#xE1; - Colombia</subfield>
    <subfield code="b">informe final</subfield>
  </datafield>
  <datafield tag="260" ind1=" " ind2=" ">
    <subfield code="a">Bogot&#xE1;</subfield>
    <subfield code="b">CORPOCHIVOR</subfield>
    <subfield code="b">Instituto Alexander von Humboldt</subfield>
    <subfield code="c">2002</subfield>
  </datafield>
  <datafield tag="300" ind1=" " ind2=" ">
    <subfield code="a">107 p.</subfield>
  </datafield>
  <datafield tag="520" ind1=" " ind2=" ">
    <subfield code="a">En el primer cap&#xED;tulo se establece el marco te&#xF3;rico en el que se basan los diferentes objetivos y actividades que se llevaron a cabo. En el segundo, se hace el an&#xE1;lisis sobre el estado del conocimiento de la biodiversidad y se recoge la informaci&#xF3;n secundaria existente sobre la biodiversidad para la regi&#xF3;n. El cap&#xED;tulo 3 contiene la informaci&#xF3;n relacionada con la caracterizaci&#xF3;n de la biodiversidad a nivel ecosit&#xE9;mico en Mamapacha y Bijagual, y en el cuarto, con base en la informaci&#xF3;n secundaria se hace la caracterizaci&#xF3;n socioecon&#xF3;mica y se desarrolla el tema de valoraci&#xF3;n de la biodiversidad. Por &#xFA;ltimo, en el cap&#xED;tulo 5 se desarrolla el Programa de Investigaci&#xF3;n en Valoraci&#xF3;n y Conservaci&#xF3;n de la Biodiversidad en Mamapacha y Bijagual, meta del convenio.</subfield>
  </datafield>
  <datafield tag="650" ind1=" " ind2=" ">
    <subfield code="a">Conservaci&#xF3;n</subfield>
    <subfield code="9">92401</subfield>
  </datafield>
  <datafield tag="650" ind1=" " ind2=" ">
    <subfield code="a">Biodiversidad</subfield>
    <subfield code="9">92204</subfield>
  </datafield>
  <datafield tag="650" ind1=" " ind2=" ">
    <subfield code="a">Caracterizaci&#xF3;n de la biodiversidad</subfield>
    <subfield code="9">5189</subfield>
  </datafield>
  <datafield tag="650" ind1=" " ind2=" ">
    <subfield code="a">Caracterizaci&#xF3;n socioecon&#xF3;mica</subfield>
    <subfield code="9">1318</subfield>
  </datafield>
  <datafield tag="650" ind1=" " ind2=" ">
    <subfield code="a">Valoraci&#xF3;n de la biodiversidad</subfield>
    <subfield code="9">92603</subfield>
  </datafield>
  <datafield tag="650" ind1=" " ind2=" ">
    <subfield code="a">Programas de Investigaci&#xF3;n</subfield>
    <subfield code="9">92604</subfield>
  </datafield>
  <datafield tag="662" ind1=" " ind2=" ">
    <subfield code="a">Colombia</subfield>
    <subfield code="c">P&#xE1;ramo de Mamapacha</subfield>
    <subfield code="b">Boyac&#xE1;</subfield>
  </datafield>
  <datafield tag="662" ind1=" " ind2=" ">
    <subfield code="a">Colombia</subfield>
    <subfield code="c">P&#xE1;ramo de Bijagual</subfield>
    <subfield code="b">Boyac&#xE1;</subfield>
  </datafield>
  <datafield tag="999" ind1=" " ind2=" ">
    <subfield code="c">6180</subfield>
    <subfield code="d">6180</subfield>
  </datafield>
</record>
